Merkantilismen - Statistics

General Stats
  • This quiz has been taken 67 times
  • The average score is 8 of 15
Answer Stats
Hint Answer % Correct
Under vilket århundrade skapas merkantilismen? 1500-talet
100%
Detta ansåg merkantilisterna skapade välstånd. Ädelmetaller
75%
Vilket land kan ses som det främsta merkantilistiska landet under denna period? Frankrike
75%
Resultatet när en stat/ett företag kontrollerar en hel marknad. Monopol
75%
Den andra orsaken kom som en förändring inom religionen, vad var händelsen? Reformationen
75%
Dessa sattes upp som ett försöka till att begränsa andra länders handel på den inhemska marknaden. Tullar
75%
Vilken religiös inriktning börjar säga att det inte längre är en synd att börja tjäna pengar och på så vis banar vägen för merkantilismen? Kalvinismen
50%
Vad kallas teorin som säger att "allting är förutbestämt"? Predestinationsteorin
50%
Ett av merkantilismens viktigaste begrepp, motsatsen till "frihandel". Protektionism
50%
En av orsakerna till att teorin skapas var att man kom i kontakt med nya marknader, vilka händelser låg bakom detta? Upptäcktsfärderna
50%
Teorin som skapas som en reaktion på merkantilismen. Ekonomisk liberalism
25%
Risk för vad som händer om man för in för mycket av svaret i förra frågan i en sluten marknad. Inflation
25%
Det ekonomiska konceptet som merkantilismen "skapar" och som ligger till grund för alla nationalekonomiska teorier förutom en. Konceptet utgår ifrån ett nollsummespel. Kapitalismen
25%
Detta är en konsekvens av merkantilismen som vi kan se på statlig nivå. Ekonomisk nationalism
0%
EN av dom främsta konsekvenser som svaret i följande fråga får (negativt). MIljöförstöring
0%
No matching quizzes found
Score Distribution
Percent of People with Each Score
Percentile by Number Answered
Your Score History
You have not taken this quiz